000 00541nam a2200181Ia 4500
001 7617
005 20260306160508.0
008 260306t2008||||xx |||||||||||||| ||spa||
041 _aESP
082 _a352.283
_bF84
100 _aZas Friz Burga, Jhonny
_eAUT
245 0 _aLa continuidad crítica:
_bbalance del diseño normativo e institucional del actual proceso peruano de descentralización política (2002-2008)
260 _c2008
300 _a439 páginas :
_c20 cm.
650 _aGEN
654 _aCAN
942 _cLIB
_dJUS
_fJUS
_2ddc
_n
999 _c7617
_d7617